[Event "Tradewise Gibraltar Masters 14th"]
[Site "Gibraltar"]
[Date "2016.01.26"]
[Round "1.97"]
[White "Ben Artzi, Ido"]
[Black "Burke, Mitchell R"]
[Result "1-0"]
[WhiteElo "2418"]
[BlackElo "2002"]
[PlyCount "67"]
[EventDate "2016.01.26"]
[EventType "swiss"]
[EventRounds "10"]
[EventCountry "GGB"]
[Source "www.saund.co.uk"]
[SourceDate "2005.02.07"]

1. d4 Nf6 2. c4 c5 3. d5 b5 4. cxb5 a6 5. bxa6 g6 6. Nc3 Bxa6 7. e4 Bxf1 8.
Kxf1 d6 9. Nf3 Bg7 10. g3 O-O 11. Kg2 Nbd7 12. a4 Qa5 13. Bd2 Rfb8 14. Nb5 Qb6
15. Qc2 Ne8 16. Ra3 Nc7 17. Nxc7 Qxc7 18. b4 Qa7 19. Rb1 cxb4 20. Rxb4 Rxb4 21.
Bxb4 Bd4 22. a5 Bc5 23. Bxc5 Nxc5 24. Nd4 Qb7 25. Nc6 e6 26. Ra2 exd5 27. exd5
f5 28. Rb2 Qf7 29. Qc4 Na6 30. Re2 Nc5 31. Re7 Qf6 32. Qe2 Ne4 33. a6 Qa1 34.
a7 1-0

[Event "Tradewise Gibraltar Masters 14th"]
[Site "Gibraltar"]
[Date "2016.01.26"]
[Round "1.98"]
[White "Goncalves, Jose Antonio Silvei"]
[Black "Holm, Kristian Stuvik"]
[Result "0-1"]
[WhiteElo "1984"]
[BlackElo "2417"]
[PlyCount "104"]
[EventDate "2016.01.26"]
[EventType "swiss"]
[EventRounds "10"]
[EventCountry "GGB"]
[Source "www.saund.co.uk"]
[SourceDate "2005.02.07"]

1. d4 Nf6 2. c4 g6 3. Nc3 d5 4. cxd5 Nxd5 5. e4 Nxc3 6. bxc3 Bg7 7. Bc4 c5 8.
Be3 Qa5 9. Qd2 Nc6 10. Ne2 O-O 11. Rd1 Bd7 12. h4 cxd4 13. cxd4 Qxd2+ 14. Rxd2
Na5 15. Bd3 Rfc8 16. Bg5 f6 17. Bf4 Ba4 18. Rb2 e6 19. Rb4 Be8 20. O-O b6 21.
Rb2 f5 22. Ba6 Rd8 23. Bg5 Rd7 24. Bb5 Rf7 25. exf5 gxf5 26. Bf4 Bxb5 27. Rxb5
Rd7 28. Be5 Nc6 29. Nf4 Nxe5 30. dxe5 Kf7 31. Re1 Rc8 32. Re2 Rc1+ 33. Kh2 Rc5
34. Rxc5 bxc5 35. Nh3 h6 36. f4 Bf8 37. Rc2 Rd5 38. Kg3 Rd3+ 39. Kf2 Be7 40.
Ke2 Rg3 41. Kf1 Ke8 42. Ng1 Rg4 43. Rc4 a5 44. Nf3 Kd7 45. Kf2 Kc6 46. g3 Rg8
47. Nd2 Rb8 48. Ke3 Rb2 49. a4 Ra2 50. Ke2 Kd5 51. Rc3 c4 52. Ke3 Bc5+ 0-1

[Event "Tradewise Gibraltar Masters 14th"]
[Site "Gibraltar"]
[Date "2016.01.26"]
[Round "1.99"]
[White "Docx, Stefan"]
[Black "Marcos Herrero, Francisco"]
[Result "1-0"]
[WhiteElo "2416"]
[BlackElo "1982"]
[PlyCount "75"]
[EventDate "2016.01.26"]
[EventType "swiss"]
[EventRounds "10"]
[EventCountry "GGB"]
[Source "www.saund.co.uk"]
[SourceDate "2005.02.07"]

1. c4 c5 2. g3 g6 3. Bg2 Bg7 4. Nc3 Nc6 5. Nf3 Nf6 6. d4 cxd4 7. Nxd4 O-O 8.
O-O Nxd4 9. Qxd4 d6 10. Qd3 Rb8 11. Rb1 Be6 12. b3 Qa5 13. Nb5 a6 14. Bd2 Qb6
15. Nc3 Rfc8 16. e4 Qd8 17. h3 b5 18. cxb5 axb5 19. Rbc1 Nd7 20. Qe2 Nc5 21.
Kh2 b4 22. Nd5 Bxd5 23. exd5 Rc7 24. Rc4 Rcb7 25. Rfc1 Qa5 26. R1c2 h5 27. h4
Bf6 28. Bh3 Kg7 29. Qe3 Qd8 30. Qh6+ Kg8 31. g4 Nd3 32. gxh5 Bg7 33. Qe3 Be5+
34. Kg2 Nf4+ 35. Rxf4 Bxf4 36. Qxf4 Rc7 37. Rxc7 Qxc7 38. hxg6 1-0

[Event "Tradewise Gibraltar Masters 14th"]
[Site "Gibraltar"]
[Date "2016.01.26"]
[Round "1.100"]
[White "Eagleton, Greg T"]
[Black "Teran Alvarez, Ismael"]
[Result "0-1"]
[WhiteElo "1981"]
[BlackElo "2416"]
[PlyCount "68"]
[EventDate "2016.01.26"]
[EventType "swiss"]
[EventRounds "10"]
[EventCountry "GGB"]
[Source "www.saund.co.uk"]
[SourceDate "2005.02.07"]

1. d4 e6 2. Nf3 f5 3. g3 Nf6 4. Bg2 Be7 5. c4 O-O 6. O-O c6 7. Nc3 d5 8. Qb3
Nbd7 9. Rd1 Ne4 10. e3 Kh8 11. Ne5 Nxe5 12. dxe5 Qc7 13. f4 Bd7 14. Bf1 a5 15.
Bd2 Nxd2 16. Rxd2 a4 17. Qd1 Bc5 18. Kf2 Qb6 19. Qf3 a3 20. b3 d4 21. exd4
Bxd4+ 22. Ke2 c5 23. Rad1 Bc6 24. Nd5 Qd8 25. Bg2 exd5 26. cxd5 Bb5+ 27. Ke1
Qa5 28. Rc1 Rfe8 29. e6 Rad8 30. Kd1 Bb2 31. Rcc2 c4 32. Qe3 cxb3 33. Qxb3 Ba4
34. Qxb7 Rxe6 0-1

[Event "Tradewise Gibraltar Masters 14th"]
[Site "Gibraltar"]
[Date "2016.01.26"]
[Round "1.101"]
[White "Csonka, Balazs"]
[Black "Darnell, Anton"]
[Result "1/2-1/2"]
[WhiteElo "2415"]
[BlackElo "1979"]
[PlyCount "64"]
[EventDate "2016.01.26"]
[EventType "swiss"]
[EventRounds "10"]
[EventCountry "GGB"]
[Source "www.saund.co.uk"]
[SourceDate "2005.02.07"]

1. c4 Nf6 2. Nc3 g6 3. g3 Bg7 4. Bg2 O-O 5. Nf3 d6 6. O-O Nc6 7. d3 e5 8. Rb1
a5 9. a3 h6 10. b4 axb4 11. axb4 Nd7 12. Bd2 f5 13. Nd5 Ne7 14. Nxe7+ Qxe7 15.
c5 Nf6 16. e4 g5 17. Qc2 Be6 18. Ra1 Qf7 19. exf5 Bxf5 20. Bc3 Nd5 21. Nd2 Nxc3
22. Qxc3 e4 23. d4 Qd5 24. Rxa8 Rxa8 25. Qe3 Bxd4 26. Bxe4 Bxe4 27. Qxe4 Qxe4
28. Nxe4 Re8 29. Re1 Re6 30. cxd6 cxd6 31. Kf1 d5 32. Nc5 Rxe1+ 1/2-1/2

[Event "Tradewise Gibraltar Masters 14th"]
[Site "Gibraltar"]
[Date "2016.01.26"]
[Round "1.102"]
[White "Skutta, Bernd"]
[Black "Nagy, Gabor"]
[Result "0-1"]
[WhiteElo "1966"]
[BlackElo "2413"]
[PlyCount "72"]
[EventDate "2016.01.26"]
[EventType "swiss"]
[EventRounds "10"]
[EventCountry "GGB"]
[Source "www.saund.co.uk"]
[SourceDate "2005.02.07"]

1. d4 Nf6 2. Nf3 b6 3. Bf4 Bb7 4. e3 g6 5. c4 Bg7 6. Nc3 O-O 7. h3 d6 8. Be2
Nbd7 9. O-O e6 10. Qc2 Qe7 11. Bh2 c5 12. Rad1 cxd4 13. exd4 Rfc8 14. Qa4 a6
15. Qa3 Bf8 16. Rc1 Rc7 17. b4 Rac8 18. c5 dxc5 19. dxc5 e5 20. Na4 Nd5 21.
Rfe1 bxc5 22. Nxc5 Nxc5 23. Rxc5 Rxc5 24. bxc5 e4 25. Bd6 Qf6 26. Nd2 Nf4 27.
Bg4 Nd3 28. Re2 Bxd6 29. cxd6 Rc1+ 30. Kh2 Rc3 31. Qa5 Qxd6+ 32. g3 Rc5 33. Qa4
f5 34. Qe8+ Qf8 35. Qd7 Bc8 36. Qa7 Re5 0-1

[Event "Tradewise Gibraltar Masters 14th"]
[Site "Gibraltar"]
[Date "2016.01.26"]
[Round "1.103"]
[White "Rydl, Jiri"]
[Black "Zachariassen, John"]
[Result "1-0"]
[WhiteElo "2412"]
[BlackElo "1958"]
[PlyCount "51"]
[EventDate "2016.01.26"]
[EventType "swiss"]
[EventRounds "10"]
[EventCountry "GGB"]
[Source "www.saund.co.uk"]
[SourceDate "2005.02.07"]

1. e4 g6 2. d4 Bg7 3. Nc3 d6 4. Be3 Nd7 5. Qd2 c6 6. h4 h5 7. Nh3 Nh6 8. f3 b5
9. Nf2 Nb6 10. O-O-O b4 11. Nb1 a5 12. g4 Ng8 13. gxh5 Rxh5 14. f4 e6 15. Be2
Rxh4 16. Rxh4 Qxh4 17. Rh1 Qe7 18. c4 Ba6 19. Qc2 c5 20. dxc5 dxc5 21. e5 Nh6
22. Ne4 Nd7 23. Qa4 Kf8 24. Rd1 Rd8 25. Qxa5 Nf5 26. Bxc5 1-0

[Event "Tradewise Gibraltar Masters 14th"]
[Site "Gibraltar"]
[Date "2016.01.26"]
[Round "1.104"]
[White "George, Lolomari Erekosima"]
[Black "Satyapragyan, Swayangsu"]
[Result "1/2-1/2"]
[WhiteElo "1937"]
[BlackElo "2410"]
[PlyCount "135"]
[EventDate "2016.01.26"]
[EventType "swiss"]
[EventRounds "10"]
[EventCountry "GGB"]
[Source "www.saund.co.uk"]
[SourceDate "2005.02.07"]

1. Nf3 c5 2. g3 Nc6 3. Bg2 g6 4. O-O Bg7 5. c4 d6 6. Nc3 Qd7 7. e3 Bxc3 8. bxc3
b6 9. d3 Bb7 10. e4 O-O-O 11. Qe2 Qc7 12. Bf4 f6 13. Bh3+ Kb8 14. d4 e5 15. Be3
Nge7 16. Bh6 Rhe8 17. d5 Na5 18. Be3 Ba6 19. Nd2 g5 20. Rfb1 h5 21. Nb3 Bxc4
22. Qc2 Nb7 23. Nd2 Ba6 24. c4 Na5 25. a4 h4 26. g4 Ng6 27. Bf1 h3 28. Nb3 Ka8
29. Bd2 Rb8 30. f3 Rb7 31. Nxa5 bxa5 32. Rxb7 Bxb7 33. Qc3 Rb8 34. Rb1 Bc8 35.
Rxb8+ Kxb8 36. Qxa5 Qxa5 37. Bxa5 Bd7 38. Bd8 Bxa4 39. Bxf6 Bd1 40. Kf2 a5 41.
Bxg5 a4 42. Bc1 Bb3 43. Bxh3 Bxc4 44. Bf1 Bxf1 45. Kxf1 Kc7 46. Ke2 Kd7 47. Kd3
Nh4 48. Ke2 Ng2 49. Kd1 Ke8 50. Bd2 a3 51. Kc2 Nh4 52. f4 Nf3 53. Bc1 Nd4+ 54.
Kb1 Ne2 55. fxe5 a2+ 56. Kxa2 Nxc1+ 57. Kb1 Ne2 58. exd6 Nc3+ 59. Kc2 Nxe4 60.
Kd3 Nxd6 61. h4 Ke7 62. Ke3 Ne8 63. h5 Nf6 64. Kf3 Kd6 65. h6 Nh7 66. Ke4 Nf8
67. Kf5 c4 68. g5 1/2-1/2

[Event "Tradewise Gibraltar Masters 14th"]
[Site "Gibraltar"]
[Date "2016.01.26"]
[Round "1.105"]
[White "Vogt, Lothar"]
[Black "Lafortune, Emerick"]
[Result "1-0"]
[WhiteElo "2409"]
[BlackElo "1923"]
[PlyCount "59"]
[EventDate "2016.01.26"]
[EventType "swiss"]
[EventRounds "10"]
[EventCountry "GGB"]
[Source "www.saund.co.uk"]
[SourceDate "2005.02.07"]

1. e4 e5 2. Nf3 Nc6 3. Bb5 a6 4. Ba4 Nf6 5. d4 exd4 6. O-O Be7 7. Re1 O-O 8. e5
Ne8 9. Bf4 d5 10. exd6 Nxd6 11. Bxc6 bxc6 12. Nxd4 Bb7 13. Nc3 Nc4 14. Nf5 Bf6
15. Qe2 Nb6 16. Ne4 Nd5 17. Bg3 Bc8 18. Qf3 Bxb2 19. Rad1 Bxf5 20. Qxf5 Qc8 21.
Qf3 f5 22. Nc5 f4 23. Bh4 Bc3 24. Re6 Re8 25. Rxc6 Nb4 26. Re6 Rxe6 27. Nxe6
Qxe6 28. Qxa8+ Kf7 29. Qd8 Qe5 30. Rd7+ 1-0

[Event "Tradewise Gibraltar Masters 14th"]
[Site "Gibraltar"]
[Date "2016.01.26"]
[Round "1.106"]
[White "Boron, Anthony"]
[Black "Martinez Martin, David"]
[Result "0-1"]
[WhiteElo "1915"]
[BlackElo "2407"]
[PlyCount "42"]
[EventDate "2016.01.26"]
[EventType "swiss"]
[EventRounds "10"]
[EventCountry "GGB"]
[Source "www.saund.co.uk"]
[SourceDate "2005.02.07"]

1. d4 Nf6 2. Bf4 e6 3. e3 h6 4. h3 Bd6 5. Nf3 Bxf4 6. exf4 c5 7. c3 cxd4 8.
Nxd4 O-O 9. Be2 Nc6 10. Na3 Qc7 11. g3 d5 12. Bf3 e5 13. Nxc6 bxc6 14. fxe5
Qxe5+ 15. Kf1 Rb8 16. Qd2 Ne4 17. Bxe4 Qxe4 18. Kg1 Re8 19. Kh2 Qe2 20. Rad1
Rxb2 21. Rhe1 Rxd2 0-1

[Event "Tradewise Gibraltar Masters 14th"]
[Site "Gibraltar"]
[Date "2016.01.26"]
[Round "1.107"]
[White "Codenotti, Marco"]
[Black "Slinger, Tony J"]
[Result "1-0"]
[WhiteElo "2406"]
[BlackElo "1915"]
[PlyCount "103"]
[EventDate "2016.01.26"]
[EventType "swiss"]
[EventRounds "10"]
[EventCountry "GGB"]
[Source "www.saund.co.uk"]
[SourceDate "2005.02.07"]

1. e4 e5 2. Nf3 Nc6 3. Bb5 a6 4. Ba4 Nf6 5. O-O Be7 6. c3 Nxe4 7. Re1 Nc5 8.
Bc2 e4 9. Bxe4 Nxe4 10. Rxe4 d5 11. Re1 O-O 12. d4 Be6 13. Bf4 Bf6 14. Nbd2 Re8
15. h3 Qd7 16. b4 Ne7 17. Nb3 b6 18. a4 Ng6 19. Bg3 Be7 20. a5 b5 21. Qd2 Bd6
22. Ne5 Nxe5 23. dxe5 Bf8 24. Bf4 c5 25. Nxc5 Bxc5 26. bxc5 Qc7 27. Qd4 Rac8
28. Be3 Qd8 29. Qf4 Rc6 30. Bd4 Qc7 31. Qg5 Qe7 32. Qh5 Bd7 33. f4 Rxc5 34.
Bxc5 Qxc5+ 35. Kh2 Qxc3 36. Rec1 Qd4 37. Qf3 Bf5 38. Ra3 Be4 39. Qe3 Qb2 40.
Rg1 Rc8 41. Rb3 Qc2 42. Rbb1 Rc3 43. Qb6 h5 44. Rbc1 Qxc1 45. Rxc1 Rxc1 46.
Qxa6 Rc2 47. h4 Rxg2+ 48. Kh3 b4 49. Qb7 b3 50. Qxb3 Rd2 51. Qb7 Rd3+ 52. Kh2
1-0

[Event "Tradewise Gibraltar Masters 14th"]
[Site "Gibraltar"]
[Date "2016.01.26"]
[Round "1.108"]
[White "Lochte, Szilvia"]
[Black "Kohlweyer, Bernd"]
[Result "0-1"]
[WhiteElo "1913"]
[BlackElo "2404"]
[PlyCount "100"]
[EventDate "2016.01.26"]
[EventType "swiss"]
[EventRounds "10"]
[EventCountry "GGB"]
[Source "www.saund.co.uk"]
[SourceDate "2005.02.07"]

1. d4 Nf6 2. Nf3 e6 3. Bf4 c5 4. e3 Qb6 5. Qc1 Nc6 6. c3 d5 7. Nbd2 Bd7 8. Bd3
Rc8 9. Qb1 Be7 10. h3 h6 11. O-O O-O 12. Ne5 Rfd8 13. Ndf3 Be8 14. Nxc6 bxc6
15. b3 cxd4 16. cxd4 Ba3 17. Qe1 a5 18. Qe2 Ra8 19. Ne5 Rdc8 20. Rfd1 c5 21.
dxc5 Bxc5 22. Ng4 Nxg4 23. Qxg4 Kf8 24. Be5 f6 25. Bb2 a4 26. Rab1 axb3 27.
axb3 h5 28. Qf3 Bf7 29. Qe2 e5 30. Bf5 Rc7 31. Bc2 Be7 32. Ra1 Rac8 33. Rdc1
Rc6 34. Bd1 Rxc1 35. Rxc1 Rxc1 36. Bxc1 Bc5 37. Qc2 g6 38. Qd3 Kg7 39. Bc2 Qa5
40. Kh2 e4 41. Qd1 Qc7+ 42. Kg1 Qe5 43. Qe1 h4 44. Kh1 Bd6 45. Qg1 Qc3 46. Qd1
Bb4 47. Kg1 g5 48. f3 Bh5 49. Qe2 exf3 50. gxf3 Bxf3 0-1

[Event "Tradewise Gibraltar Masters 14th"]
[Site "Gibraltar"]
[Date "2016.01.26"]
[Round "1.109"]
[White "Houska, Jovanka"]
[Black "Bajer, Renato"]
[Result "1-0"]
[WhiteElo "2402"]
[BlackElo "1890"]
[PlyCount "99"]
[EventDate "2016.01.26"]
[EventType "swiss"]
[EventRounds "10"]
[EventCountry "GGB"]
[Source "www.saund.co.uk"]
[SourceDate "2005.02.07"]

1. d4 f5 2. g3 Nf6 3. Bg2 g6 4. Nf3 Bg7 5. c4 d6 6. O-O O-O 7. Nc3 Qe8 8. d5 a5
9. Nd4 Na6 10. Rb1 Bd7 11. b3 Nc5 12. Bb2 c6 13. a3 Nce4 14. e3 Nxc3 15. Bxc3
c5 16. Ne6 Bxe6 17. dxe6 Ra7 18. Bxf6 Bxf6 19. Qd3 Qd8 20. h4 Bg7 21. Bd5 Be5
22. Kg2 Kg7 23. f4 Bf6 24. e4 Bd4 25. h5 Qe8 26. Rh1 fxe4 27. Bxe4 g5 28. Bxh7
gxf4 29. gxf4 Rxf4 30. Qg3+ Kxh7 31. Qxf4 Qg8+ 32. Kf3 Qxe6 33. Qe4+ Qxe4+ 34.
Kxe4 e6 35. Rbf1 b6 36. h6 Rd7 37. Rf8 d5+ 38. Kd3 dxc4+ 39. Kxc4 b5+ 40. Kxb5
Rb7+ 41. Kc4 e5 42. Re8 a4 43. bxa4 Ra7 44. a5 Rxa5 45. Re7+ Kh8 46. h7 Ra8 47.
Rh2 Ra4+ 48. Kb5 Ra8 49. Rg2 Rb8+ 50. Kc4 1-0

[Event "Tradewise Gibraltar Masters 14th"]
[Site "Gibraltar"]
[Date "2016.01.26"]
[Round "1.110"]
[White "Gravett, Alan D"]
[Black "Kuipers, Stefan"]
[Result "0-1"]
[WhiteElo "1884"]
[BlackElo "2399"]
[PlyCount "48"]
[EventDate "2016.01.26"]
[EventType "swiss"]
[EventRounds "10"]
[EventCountry "GGB"]
[Source "www.saund.co.uk"]
[SourceDate "2005.02.07"]

1. g3 d5 2. Nf3 Bg4 3. Bg2 c6 4. O-O e6 5. c4 Nf6 6. cxd5 Bxf3 7. Bxf3 cxd5 8.
Nc3 Nc6 9. d4 Qb6 10. e3 Be7 11. Bd2 O-O 12. Rb1 Rfc8 13. b4 Qd8 14. a3 Ne8 15.
Qb3 Nd6 16. Rfc1 Bg5 17. Be1 Nc4 18. Na4 Ne7 19. Qa2 Nf5 20. e4 Nxd4 21. Rc3
Nxf3+ 22. Rxf3 dxe4 23. Rc3 b5 24. Nc5 Qd5 0-1

[Event "Tradewise Gibraltar Masters 14th"]
[Site "Gibraltar"]
[Date "2016.01.26"]
[Round "1.111"]
[White "Gaponenko, Inna"]
[Black "Wilson, Matthew R"]
[Result "1-0"]
[WhiteElo "2393"]
[BlackElo "1873"]
[PlyCount "81"]
[EventDate "2016.01.26"]
[EventType "swiss"]
[EventRounds "10"]
[EventCountry "GGB"]
[Source "www.saund.co.uk"]
[SourceDate "2005.02.07"]

1. e4 c5 2. Nf3 e6 3. c3 d5 4. exd5 exd5 5. d4 Nf6 6. Bb5+ Bd7 7. Bxd7+ Nbxd7
8. O-O Be7 9. Qb3 b6 10. Ne5 Qc7 11. Bf4 Nxe5 12. dxe5 Nh5 13. Qxd5 Rd8 14. Qf3
Nxf4 15. Qxf4 O-O 16. Nd2 f6 17. Nf3 fxe5 18. Qxe5 Qxe5 19. Nxe5 Rd2 20. Rab1
Bf6 21. Nf3 Re2 22. Rfe1 Rc2 23. Kf1 Kf7 24. Re2 Rxe2 25. Kxe2 b5 26. Kd3 Rd8+
27. Kc2 b4 28. Re1 bxc3 29. bxc3 Rd6 30. Re4 Ra6 31. a4 Rd6 32. Nd2 h5 33. Nc4
Rd5 34. Ne3 Rd7 35. h3 g6 36. g4 h4 37. Ng2 Rd6 38. Nf4 Bg5 39. Nd3 Rf6 40. f4
Bh6 41. g5 1-0

[Event "Tradewise Gibraltar Masters 14th"]
[Site "Gibraltar"]
[Date "2016.01.26"]
[Round "1.112"]
[White "Sajjadi, Kimiya"]
[Black "Khademalsharieh, Sarasadat"]
[Result "0-1"]
[WhiteElo "1839"]
[BlackElo "2392"]
[PlyCount "98"]
[EventDate "2016.01.26"]
[EventType "swiss"]
[EventRounds "10"]
[EventCountry "GGB"]
[Source "www.saund.co.uk"]
[SourceDate "2005.02.07"]

1. d4 Nf6 2. c4 e6 3. Nf3 b6 4. g3 Bb7 5. Bg2 Bb4+ 6. Bd2 a5 7. O-O O-O 8. Nc3
d6 9. b3 Nbd7 10. Qc2 Qc8 11. Rac1 Bxc3 12. Bxc3 Be4 13. Qd1 Qb7 14. Bh3 Rfe8
15. Nd2 Bg6 16. Bg2 d5 17. Ba1 c6 18. Nf3 Be4 19. Qd2 a4 20. b4 dxc4 21. Rxc4
Red8 22. Qc1 Rac8 23. Rd1 b5 24. Rc3 Nd5 25. a3 Nxc3 26. Qxc3 Nf6 27. Rc1 Bd5
28. Bh3 Ne4 29. Qe3 Nd6 30. Ne5 Qe7 31. Qf4 Qf6 32. Qg4 Qh6 33. Rc3 Qd2 34. Bf1
Qe1 35. Bb2 Qd2 36. Ba1 Qa2 37. Rc1 Qxa3 38. Nd3 f5 39. Qh4 Qa2 40. Bc3 a3 41.
Nc5 Ne4 42. Ra1 Qc2 43. Nxe4 fxe4 44. Rxa3 Qc1 45. Ra7 Qxc3 46. e3 Qxb4 47.
Rxg7+ Kxg7 48. Qg5+ Kf8 49. Qf6+ Ke8 0-1

[Event "Tradewise Gibraltar Masters 14th"]
[Site "Gibraltar"]
[Date "2016.01.26"]
[Round "1.113"]
[White "Solomon, Kenny"]
[Black "Winter, Kevin"]
[Result "1-0"]
[WhiteElo "2390"]
[BlackElo "1825"]
[PlyCount "93"]
[EventDate "2016.01.26"]
[EventType "swiss"]
[EventRounds "10"]
[EventCountry "GGB"]
[Source "www.saund.co.uk"]
[SourceDate "2005.02.07"]

1. d4 Nf6 2. Nf3 g6 3. g3 Bg7 4. Bg2 d6 5. O-O O-O 6. a4 Nbd7 7. a5 e5 8. c4
Re8 9. Nc3 exd4 10. Nxd4 a6 11. Nc2 Nc5 12. Ra3 Bg4 13. b4 Ncd7 14. Ne3 c6 15.
Nxg4 Nxg4 16. Ne4 Bf8 17. Nxd6 Bxd6 18. Qxd6 Nde5 19. Qxd8 Raxd8 20. h3 Nf6 21.
Bg5 Kg7 22. Rc1 Rd4 23. Re3 Re6 24. Rec3 Ne4 25. Bxe4 Rxe4 26. Be3 Nd7 27. Rd1
Ne5 28. Rd4 Rxd4 29. Bxd4 f6 30. Kg2 Kf7 31. Rc1 Rd6 32. Be3 Ke6 33. g4 f5 34.
f3 Rd7 35. Kf2 fxg4 36. hxg4 Rf7 37. Kg3 Rd7 38. f4 Nf7 39. Kf3 Nd6 40. Bc5 Ne8
41. Rc3 Nf6 42. g5 Ne8 43. Kg4 Ng7 44. e4 Rd1 45. Rh3 Rc1 46. Rxh7 Kf7 47. Bd4
1-0

[Event "Tradewise Gibraltar Masters 14th"]
[Site "Gibraltar"]
[Date "2016.01.26"]
[Round "1.114"]
[White "Christophe-Hayot, Romain"]
[Black "Hauge, Lars Oskar"]
[Result "0-1"]
[WhiteElo "1824"]
[BlackElo "2388"]
[PlyCount "72"]
[EventDate "2016.01.26"]
[EventType "swiss"]
[EventRounds "10"]
[EventCountry "GGB"]
[Source "www.saund.co.uk"]
[SourceDate "2005.02.07"]

1. e4 c5 2. Nf3 e6 3. b3 Nc6 4. Bb2 d6 5. Bb5 Bd7 6. O-O Nf6 7. Re1 Be7 8. d4
cxd4 9. Nxd4 O-O 10. Nf3 a6 11. Bf1 b5 12. Na3 d5 13. exd5 exd5 14. Ne5 Nxe5
15. Rxe5 Bd6 16. Rg5 h6 17. Bxf6 Qxf6 18. Rxd5 Be5 19. Rb1 Be6 20. Rd3 Qf4 21.
g3 Qb4 22. Bg2 Qxa3 23. Bxa8 Rxa8 24. b4 Qxa2 25. Rd8+ Rxd8 26. Qxd8+ Kh7 27.
Qd3+ g6 28. Re1 Bf6 29. h4 h5 30. Qf3 Kg7 31. Qa8 Bd5 32. Qc8 Qa3 33. Qh3 Qxb4
34. Rd1 Qe4 35. Kh2 a5 36. Rd3 Qh1# 0-1

[Event "Tradewise Gibraltar Masters 14th"]
[Site "Gibraltar"]
[Date "2016.01.26"]
[Round "1.115"]
[White "Anurag, Mhamal"]
[Black "Schimmer, Michael"]
[Result "1-0"]
[WhiteElo "2387"]
[BlackElo "1782"]
[PlyCount "53"]
[EventDate "2016.01.26"]
[EventType "swiss"]
[EventRounds "10"]
[EventCountry "GGB"]
[Source "www.saund.co.uk"]
[SourceDate "2005.02.07"]

1. Nf3 c5 2. b3 Nc6 3. Bb2 d6 4. d4 cxd4 5. Nxd4 Nf6 6. g3 e6 7. Bg2 Qc7 8. c4
a6 9. Nc3 Be7 10. O-O O-O 11. Rc1 Bd7 12. Nd5 Qd8 13. Nxe7+ Qxe7 14. Qd2 Nxd4
15. Qxd4 Bc6 16. Ba3 Rfd8 17. Rfd1 Ne8 18. e4 Rd7 19. e5 Rad8 20. Bxc6 bxc6 21.
Qb6 Qg5 22. exd6 Nf6 23. Qxc6 Qh5 24. Bb2 Ng4 25. Qg2 Rxd6 26. Rxd6 Rxd6 27.
Qa8+ 1-0

[Event "Tradewise Gibraltar Masters 14th"]
[Site "Gibraltar"]
[Date "2016.01.26"]
[Round "1.116"]
[White "Chidi, Lovinia Sylvia"]
[Black "Shvayger, Yuliya"]
[Result "0-1"]
[WhiteElo "1780"]
[BlackElo "2381"]
[PlyCount "82"]
[EventDate "2016.01.26"]
[EventType "swiss"]
[EventRounds "10"]
[EventCountry "GGB"]
[Source "www.saund.co.uk"]
[SourceDate "2005.02.07"]

1. d4 Nf6 2. g3 e6 3. Bg2 c5 4. c3 Nc6 5. Nf3 Be7 6. O-O O-O 7. Bg5 Qb6 8. Bc1
d5 9. e3 Qc7 10. Nbd2 b5 11. dxc5 Bxc5 12. Nb3 Bd6 13. Nbd4 Ba6 14. Re1 e5 15.
Nxc6 Qxc6 16. Nd2 Qb6 17. Nf1 Bb7 18. Nd2 a5 19. a3 Rac8 20. Nf1 Rfd8 21. Qe2
Bb8 22. Rd1 Ne4 23. Bd2 Nc5 24. Be1 e4 25. Nd2 Ba6 26. Qg4 Nd3 27. Rab1 Ne5 28.
Qh5 Rc6 29. Nxe4 dxe4 30. Rxd8+ Qxd8 31. Bxe4 g6 32. Rd1 Rd6 33. Rxd6 Qxd6 34.
Qe2 b4 35. Qc2 Bd3 36. Bxd3 Qxd3 37. Qc1 b3 38. c4 Qc2 39. Qa1 Nxc4 40. Bc3 Be5
41. Qf1 Bxc3 0-1

[Event "Tradewise Gibraltar Masters 14th"]
[Site "Gibraltar"]
[Date "2016.01.26"]
[Round "1.117"]
[White "Galinsky, Timofey"]
[Black "Mrabti, Yahya"]
[Result "1-0"]
[WhiteElo "2379"]
[BlackElo "1780"]
[PlyCount "73"]
[EventDate "2016.01.26"]
[EventType "swiss"]
[EventRounds "10"]
[EventCountry "GGB"]
[Source "www.saund.co.uk"]
[SourceDate "2005.02.07"]

1. d4 Nf6 2. g3 g6 3. Bg2 Bg7 4. e4 d6 5. Ne2 c5 6. c3 O-O 7. O-O Qb6 8. h3 Nc6
9. d5 Ne5 10. b3 c4 11. Be3 Qa6 12. Nd2 Nfd7 13. b4 b5 14. a4 Nb6 15. axb5 Qb7
16. f4 Nd3 17. Kh2 Bd7 18. Ra5 Rfc8 19. Nd4 a6 20. Nc6 Bf8 21. Bxb6 Qxb6 22.
Nxc4 Qb7 23. Qxd3 axb5 24. Rxa8 Rxa8 25. N4a5 Qb6 26. e5 Bf5 27. Qd4 Qc7 28.
Qe3 Rc8 29. Nb3 e6 30. dxe6 fxe6 31. Nbd4 Bg7 32. Ra1 dxe5 33. Nxe5 Bxe5 34.
Qxe5 Qxe5 35. fxe5 Kg7 36. Bc6 Rd8 37. Ra8 1-0

[Event "Tradewise Gibraltar Masters 14th"]
[Site "Gibraltar"]
[Date "2016.01.26"]
[Round "1.120"]
[White "Magnusdottir, Veronika Steinun"]
[Black "Christiansen, Johan-Sebastian"]
[Result "0-1"]
[WhiteElo "1762"]
[BlackElo "2374"]
[PlyCount "42"]
[EventDate "2016.01.26"]
[EventType "swiss"]
[EventRounds "10"]
[EventCountry "GGB"]
[Source "www.saund.co.uk"]
[SourceDate "2005.02.07"]

1. e4 c5 2. Nf3 d6 3. d4 cxd4 4. Nxd4 Nf6 5. Nc3 a6 6. h3 e5 7. Nde2 b5 8. g4
b4 9. Nd5 Nxd5 10. exd5 h5 11. gxh5 Rxh5 12. a3 Qa5 13. Bd2 Qxd5 14. Bxb4 Qxh1
15. Ng3 Qc6 16. Qxh5 Qxc2 17. Qg5 Qxb2 18. Rc1 Be6 19. Ne4 Nc6 20. Bxd6 Nd4 21.
Bg2 Qe2# 0-1

[Event "Tradewise Gibraltar Masters 14th"]
[Site "Gibraltar"]
[Date "2016.01.26"]
[Round "1.121"]
[White "Paehtz, Thomas"]
[Black "Savage, Neil"]
[Result "1-0"]
[WhiteElo "2372"]
[BlackElo "1689"]
[PlyCount "51"]
[EventDate "2016.01.26"]
[EventType "swiss"]
[EventRounds "10"]
[EventCountry "GGB"]
[Source "www.saund.co.uk"]
[SourceDate "2005.02.07"]

1. e4 c5 2. Nf3 Nc6 3. d4 cxd4 4. Nxd4 e5 5. Nb5 d6 6. c4 Be7 7. Bd3 Nf6 8.
N1c3 a6 9. Na3 Be6 10. O-O O-O 11. Nc2 Re8 12. Nd5 Rb8 13. a4 a5 14. Ra3 Nd7
15. Nce3 Nc5 16. Bb1 Nd4 17. f4 f5 18. fxe5 dxe5 19. exf5 Bf7 20. Ng4 Nd7 21.
Rh3 Nf6 22. Ngxf6+ Bxf6 23. Be4 Qd6 24. b3 Qc5 25. Kh1 Qd6 26. Qg4 1-0

[Event "Tradewise Gibraltar Masters 14th"]
[Site "Gibraltar"]
[Date "2016.01.26"]
[Round "1.122"]
[White "Joachim, Rodny"]
[Black "Herman, Matthew J"]
[Result "0-1"]
[WhiteElo "1659"]
[BlackElo "2370"]
[PlyCount "60"]
[EventDate "2016.01.26"]
[EventType "swiss"]
[EventRounds "10"]
[EventCountry "GGB"]
[Source "www.saund.co.uk"]
[SourceDate "2005.02.07"]

1. e4 c5 2. Nf3 d6 3. d4 cxd4 4. Nxd4 Nf6 5. Nc3 a6 6. Be3 e5 7. Nb3 Be6 8. Be2
Nbd7 9. f3 Rc8 10. Qd2 Qc7 11. O-O-O b5 12. g4 b4 13. Nb1 Qc6 14. Qd3 Be7 15.
g5 Nh5 16. N1d2 Bd8 17. Kb1 Bb6 18. Bxb6 Nxb6 19. Qxa6 O-O 20. Qb5 Qc7 21. Qxb4
Nf4 22. Bd3 Ra8 23. Qc3 Qa7 24. a3 Na4 25. Qb4 Nxd3 26. cxd3 Rfb8 27. Qxd6 Nxb2
28. Kxb2 Bxb3 29. Nxb3 Qf2+ 30. Ka1 Rxb3 0-1